000 00483nam a2200169 4500
001 109166
003 ES-MaACL
005 20231204173936.0
007 t|
008 061121s1963 sp r ||||1| spa d
100 1 _aMuelas, Federico,
_d1909-1974
_984034
245 1 3 _aEl niño que tenía un vidrio verde /
_cFederico Muelas.
260 _aValladolid :
_bGerper,
_c1963.
300 _a149 p., 12 lám ;
_c19 cm.
852 _aES-MaACL
_jG-9852
_bR.53032
999 _c109166
_d109166